Auditor`s Ethics and Current Changes in Code of Ethics IFAC
Slovenská komora audítorov ako člen Medzinárodnej federácie účtovníkov (IFAC). Revidovaný Etický kódex IFAC. Kľúčové zmeny v kódexe oproti verzii z roku 2016 - formálne, obsahové, aplikačné.
Enregistré dans:
| Auteur principal: | |
|---|---|
| Autres auteurs: | |
| Format: | Chapitre de livre |
| Langue: | slovaque |
| Sujets: | |
| Tags: |
Pas de tags, Soyez le premier à ajouter un tag!
|
MARC
| LEADER | 00000naa$a2200000$$$4500 | ||
|---|---|---|---|
| 001 | 0258540 | ||
| 005 | 20240502074107.1 | ||
| 041 | 0 | |a slo | |
| 044 | |a SK | ||
| 245 | 1 | 0 | |a Auditor`s Ethics and Current Changes in Code of Ethics IFAC |c Denisa Domaracká, Ladislav Kareš |
| 520 | |a Slovenská komora audítorov ako člen Medzinárodnej federácie účtovníkov (IFAC). Revidovaný Etický kódex IFAC. Kľúčové zmeny v kódexe oproti verzii z roku 2016 - formálne, obsahové, aplikačné. | ||
| 610 | 2 | 0 | |a kódexy etické |
| 610 | 2 | 0 | |a audítori |
| 610 | 2 | 0 | |a audit |
| 610 | 2 | 0 | |a štandardy medzinárodné |
| 100 | 1 | |a Domaracká, Denisa | |
| 700 | 1 | |a Kareš, Ladislav | |